000 00621aas a2200181 4500
999 _c54495
_d54495
001 768714001
003 CO-MdFUSB
005 20170828145706.0
008 170828s2003 xxu||||| |||| 00| 0 eng d
022 _a0120-3649
040 _aCO-MdFUSB
_bspa
_cCO-MdFUSB
_dCO-MdFUSB
041 _aeng
245 1 0 _aOff the map :
_bwill the archaeology of Israel be represented at ASOR's next meeting?
300 _aVolumen 29. Número 4 (2003), páginas 6; 70
_c: 28 cm.
546 _aTexto en inglés
773 0 _tBiblical Archaeology Review
_049395
_959456
_gVolumen 29. Número 4 (2003), páginas 6; 70
_qPágina 6
942 _cANA